[Event "Belgrade Morin"]
[Site "Belgrade"]
[Date "2022.06.19"]
[Round "3"]
[White "Berube, Max"]
[Black "Ravn, William E"]
[Result "1-0"]
[WhiteElo "1952"]
[BlackElo "1827"]
[PlyCount "103"]
[EventDate "2022.06.18"]
[EventType "tourn"]
[EventRounds "5"]
[EventCountry "USA"]
[SourceTitle "CBM 209 Extra"]
[Source "ChessBase"]
[SourceDate "2022.09.30"]
[SourceVersion "1"]
[SourceVersionDate "2022.09.30"]
[SourceQuality "1"]

1. e4 c6 2. d4 d5 3. e5 Bf5 4. h4 h5 5. Bd3 Bxd3 6. Qxd3 e6 7. Bg5 Qb6 8. Nd2 Qxb2 9. Rb1 Qxa2 10. Rxb7 Be7 11. c4 Qa6 12. Rb1 Nd7 13. Ne2 Bxg5 14. hxg5 Ne7 15. Nf4 g6 16. g4 h4 17. Rh3 c5 18. cxd5 Qxd3 19. Nxd3 Nxd5 20. dxc5 Rc8 21. Ne4 Ke7 22. Kf1 Rb8 23. Ra1 Ra8 24. Ra5 Nb8 25. Nd6 Nc6 26. Ra6 Ndb4 27. Nxb4 Nxb4 28. Ra4 Nc6 29. f4 a5 30. Rb3 Rhb8 31. Rb6 Rxb6 32. cxb6 Rb8 33. b7 Kd7 34. Ne4 Rxb7 35. Nc5+ Kc7 36. Nxb7 Kxb7 37. Ke2 Kb6 38. Kd3 h3 39. Ra1 Nb4+ 40. Ke4 Kb5 41. Rh1 a4 42. Rxh3 Nc6 43. Kd3 Kb4 44. Kc2 Nd4+ 45. Kb2 Nb5 46. Rh7 a3+ 47. Ka1 Nd4 48. Rxf7 Nb3+ 49. Kb1 Nc5 50. Ka2 Nd3 51. Rb7+ Kc4 52. Kxa3 1-0